000
00318nam a22001337a 4500
008
170907b xxu||||| |||| 00| 0 eng d
020
_a
0070267561
041
_a
eng
080
_a
72
100
_a
41
101
_a
AARK
245
_a
DICTIONARY OF ARCHITECTURE AND CONSTRUCTION
_c
HARRIS.C.M
942
_2
udc
_c
BK
999
_c
26453
_d
26453